[Event "Faxe EMT"]
[Site "Faxe"]
[Date "2011.05.11"]
[Round "6"]
[White "Jensen, Leif"]
[Black "Hansen, Jens Hjorth"]
[Result "1-0"]
[WhiteElo "1947"]
[BlackElo "1936"]
[PlyCount "107"]
[EventDate "2011.04.11"]
[EventType "swiss"]
[EventRounds "7"]
[EventCountry "DEN"]
[SourceTitle "EXT 2023"]
[Source "ChessBase"]
[SourceDate "2022.10.05"]
[SourceVersion "1"]
[SourceVersionDate "2022.10.05"]
[SourceQuality "1"]

1. e4 c5 2. g3 d5 3. d3 Nc6 4. c3 Nf6 5. Bg2 e6 6. f4 Be7 7. e5 Nd7 8. Nf3 b5 9. 0-0 a5 10. a4 Ba6 11. Qc2 0-0 12. Rd1 bxa4 13. Rxa4 Nb6 14. Ra1 Qb8 15. Be3 Rc8 16. Nbd2 a4 17. Bf2 Bb5 18. Rdb1 Na5 19. Bf1 Qb7 20. b3 Nxb3 21. Nxb3 axb3 22. Qxb3 Rxa1 23. Rxa1 Bc6 24. Rb1 Rb8 25. Qc2 d4 26. Nd2 Qc7 27. cxd4 Ba8 28. dxc5 Rc8 29. Ne4 Bxe4 30. dxe4 Nd7 31. c6 Nb8 32. Bb5 g6 33. Ra1 Nxc6 34. Rc1 Ba3 35. Ra1 Be7 36. Bxc6 Qxc6 37. Qxc6 Rxc6 38. Ra2 Bc5 39. Bxc5 Rxc5 40. Kf2 Rc3 41. h3 h5 42. Re2 h4 43. Re3 hxg3+ 44. Rxg3 Rc4 45. Re3 Kg7 46. Kf3 Kh6 47. Kg4 Rc1 48. f5 Rg1+ 49. Kf4 gxf5 50. exf5 Rf1+ 51. Rf3 Rxf3+ 52. Kxf3 exf5 53. Kf4 f6 54. e6 1-0

[Event "Faxe Eftermiddag-A"]
[Site "Faxe"]
[Date "2010.09.22"]
[Round "1"]
[White "Hansen, Jens Hjorth"]
[Black "Arendal, Gustav"]
[Result "1-0"]
[WhiteElo "1949"]
[BlackElo "1849"]
[PlyCount "75"]
[EventDate "2010.09.22"]
[EventType "tourn"]
[EventRounds "5"]
[EventCountry "DEN"]
[SourceTitle "EXT 2023"]
[Source "ChessBase"]
[SourceDate "2022.10.05"]
[SourceVersion "1"]
[SourceVersionDate "2022.10.05"]
[SourceQuality "1"]

1. e4 e5 2. Nf3 Nc6 3. Bb5 a6 4. Ba4 Nf6 5. 0-0 Be7 6. c3 b5 7. Bb3 d6 8. Re1 Bg4 9. d3 Na5 10. Bc2 c5 11. Nbd2 Rc8 12. Nf1 Nc6 13. Ng3 h6 14. h3 Be6 15. a4 b4 16. a5 0-0 17. Be3 Rb8 18. d4 b3 19. Bd3 exd4 20. cxd4 c4 21. d5 cxd3 22. dxc6 Bc4 23. Bb6 Rxb6 24. axb6 Qxb6 25. Nf5 Re8 26. N5d4 Bf8 27. Rc1 d5 28. exd5 Rxe1+ 29. Qxe1 Bb4 30. c7 Bxe1 31. c8Q+ Kh7 32. Qxc4 d2 33. Qd3+ g6 34. Nxd2 Bxd2 35. Qxd2 Nxd5 36. Nf3 Nf6 37. Qd4 Qe6 38. Qc4 1-0

[Event "Faxe EMT"]
[Site "Faxe"]
[Date "2010.04.21"]
[Round "5"]
[White "Hansen, Jens Hjorth"]
[Black "Arendal, Gustav"]
[Result "0-1"]
[WhiteElo "1975"]
[BlackElo "1890"]
[PlyCount "120"]
[EventDate "2010.03.17"]
[EventType "swiss"]
[EventRounds "7"]
[EventCountry "DEN"]
[SourceTitle "EXT 2023"]
[Source "ChessBase"]
[SourceDate "2022.10.05"]
[SourceVersion "1"]
[SourceVersionDate "2022.10.05"]
[SourceQuality "1"]

1. e4 e5 2. Nf3 Nc6 3. Bb5 a6 4. Ba4 b5 5. Bb3 Nf6 6. 0-0 Bd6 7. d3 0-0 8. c3 Na5 9. Bc2 Bb7 10. Re1 Re8 11. Nbd2 c5 12. Nf1 Bf8 13. Bg5 h6 14. Bh4 d6 15. Ne3 Rc8 16. Nd2 g6 17. Qf3 Bg7 18. Nb3 Nc6 19. Rad1 a5 20. Nd2 g5 21. Bg3 Qd7 22. h3 Ne7 23. Ndf1 Nh7 24. Qe2 Rf8 25. Nh2 Qc6 26. d4 exd4 27. cxd4 cxd4 28. Bd3 dxe3 29. Qxe3 Nf5 30. Qe2 Nxg3 31. fxg3 Qc5+ 32. Kh1 b4 33. b3 Qe5 34. Bc4 Nf6 35. Ng4 Nxg4 36. Qxg4 Rc7 37. Rd3 Kh7 38. Qd1 Rd7 39. Rf3 Qd4 40. Rd3 Qc5 41. Qg4 Re7 42. Rf3 Bc8 43. Qh5 Qe5 44. Ref1 Be6 45. Bd3 f6 46. Rf5 Qd4 47. Qf3 Kh8 48. Rxa5 Rc7 49. Qe2 Rc3 50. Rd1 Rc5 51. Ra6 Qe5 52. Bb1 Qxg3 53. Raxd6 Re5 54. Qa6 Re8 55. Qc6 Rc8 56. Rd8+ Rxd8 57. Rxd8+ Kh7 58. Rd1 Bxh3 59. Qc2 Bg4 60. Rd5 Qc3 0-1

[Event "Lovsprings op 10th B"]
[Site "Ringsted"]
[Date "1998.03.27"]
[Round "3"]
[White "Hansen, Jens Hjorth"]
[Black "Christensen, Henrik"]
[Result "0-1"]
[WhiteElo "1729"]
[BlackElo "1805"]
[PlyCount "78"]
[EventDate "1998.03.13"]
[EventType "swiss"]
[EventRounds "7"]
[EventCountry "DEN"]
[SourceTitle "EXT 2023"]
[Source "ChessBase"]
[SourceDate "2022.10.05"]
[SourceVersion "1"]
[SourceVersionDate "2022.10.05"]
[SourceQuality "1"]

1. e4 Nf6 2. e5 Nd5 3. d4 d6 4. Nf3 Bf5 5. Bd3 Bxd3 6. Qxd3 Qd7 7. c4 Nb6 8. 0-0 e6 9. d5 Na6 10. Nc3 0-0-0 11. Be3 Nc5 12. Qe2 exd5 13. cxd5 Qg4 14. Bxc5 dxc5 15. Rac1 Nxd5 16. Nxd5 Rxd5 17. Rc4 Qd7 18. a4 Be7 19. Qc2 g5 20. Qc3 Rd8 21. e6 Qxe6 22. Re1 Qf6 23. Qe3 Bd6 24. b4 Rd3 25. Qe4 cxb4 26. Kf1 Rc3 27. Qg4+ Kb8 28. Rce4 a6 29. Nxg5 h6 30. Nh7 Qg6 31. Qh4 Rc8 32. Nf6 b3 33. Nd7+ Ka7 34. Rc4 Qd3+ 35. Kg1 Qxc4 36. Qxh6 b2 37. g3 Rc1 38. Qe3+ Bc5 39. Nxc5 Qxc5 0-1

[Event "Lovsprings op 09th B"]
[Site "Ringsted"]
[Date "1997.03.21"]
[Round "2"]
[White "Hansen, Jens Hjorth"]
[Black "Hansen, Ove Frank"]
[Result "1-0"]
[WhiteElo "1823"]
[BlackElo "1888"]
[PlyCount "75"]
[EventDate "1997.03.14"]
[EventType "swiss"]
[EventRounds "7"]
[EventCountry "DEN"]
[SourceTitle "EXT 2023"]
[Source "ChessBase"]
[SourceDate "2022.10.05"]
[SourceVersion "1"]
[SourceVersionDate "2022.10.05"]
[SourceQuality "1"]

1. e4 e5 2. Nf3 Nc6 3. d4 exd4 4. Bc4 Qf6 5. 0-0 Bc5 6. e5 Qf5 7. Re1 Qh5 8. c3 dxc3 9. Nxc3 Nge7 10. Ne4 Bb4 11. Ng3 Qg4 12. Re4 Nxe5 13. Rxg4 Nxg4 14. Bxf7+ Kxf7 15. Qb3+ d5 16. Qxb4 Re8 17. Bg5 Ng6 18. h3 N4e5 19. Nxe5+ Rxe5 20. Be3 b6 21. Qb3 c5 22. f4 c4 23. Qc3 Re7 24. Bd4 Nxf4 25. Rf1 g5 26. Nh5 Ke8 27. Nxf4 gxf4 28. Rxf4 Be6 29. Bxb6 Kd7 30. Bc5 Ree8 31. Qe5 Kc6 32. Qd6+ Kb7 33. Bd4 Rac8 34. Qb4+ Ka8 35. Rf3 Rcd8 36. Qc5 Rd7 37. Ra3 Ree7 38. Qc8# 1-0

[Event "Lovsprings op 09th B"]
[Site "Ringsted"]
[Date "1997.03.14"]
[Round "1"]
[White "Eckert, Svend"]
[Black "Hansen, Jens Hjorth"]
[Result "1/2-1/2"]
[WhiteElo "1725"]
[BlackElo "1823"]
[PlyCount "125"]
[EventDate "1997.03.14"]
[EventType "swiss"]
[EventRounds "7"]
[EventCountry "DEN"]
[SourceTitle "EXT 2023"]
[Source "ChessBase"]
[SourceDate "2022.10.05"]
[SourceVersion "1"]
[SourceVersionDate "2022.10.05"]
[SourceQuality "1"]

1. d4 Nf6 2. Nf3 g6 3. e3 Bg7 4. Bd3 d6 5. c4 e6 6. Bd2 c5 7. Bc3 b6 8. d5 exd5 9. cxd5 0-0 10. 0-0 Re8 11. Re1 Ba6 12. e4 Bxd3 13. Qxd3 Nbd7 14. Nbd2 Qc7 15. Rad1 a6 16. b3 b5 17. h3 c4 18. bxc4 Nc5 19. Qc2 bxc4 20. Bxf6 Bxf6 21. Qxc4 Rac8 22. Nd4 Qa5 23. Nc6 Qa3 24. Re3 Qb2 25. Re2 Qc3 26. Rc1 Qxc4 27. Rxc4 Nd7 28. f4 Nb6 29. Kf1 Nxc4 30. Nxc4 Be7 31. e5 dxe5 32. fxe5 Rc7 33. Nxe7+ Rcxe7 34. d6 Rb7 35. Na5 Rb6 36. Nc4 Rb5 37. Kf2 Rd8 38. g4 Kf8 39. Kf3 Ke8 40. Kf4 h6 41. h4 Kd7 42. h5 Ke6 43. hxg6 fxg6 44. Ke4 Rc8 45. Kd3 Rd5+ 46. Kc3 Rdc5 47. Re4 Rf8 48. Kd4 Rb5 49. a4 Rd5+ 50. Ke3 Rb8 51. Rf4 Rxe5+ 52. Nxe5 Kxe5 53. d7 Ke6 54. Rd4 Rd8 55. Ke4 Rxd7 56. Rb4 Rd6 57. Rb8 Kf6 58. a5 Ke7 59. Rh8 g5 60. Ke5 Rc6 61. Kd5 Rf6 62. Rh7+ Kd8 63. Rh8+ 1/2-1/2

[Event "Lovfalds 09th B"]
[Site "Ringsted"]
[Date "1995.09.10"]
[Round "4"]
[White "Hansen, Jens Hjorth"]
[Black "Mouritsen, Jan"]
[Result "1-0"]
[WhiteElo "1831"]
[BlackElo "1600"]
[PlyCount "47"]
[EventDate "1995.09.08"]
[EventType "tourn"]
[EventRounds "5"]
[EventCountry "DEN"]
[SourceTitle "EXT 2023"]
[Source "ChessBase"]
[SourceDate "2022.10.05"]
[SourceVersion "1"]
[SourceVersionDate "2022.10.05"]
[SourceQuality "1"]

1. e4 d5 2. exd5 Qxd5 3. d4 c5 4. Nf3 Bg4 5. Be2 cxd4 6. 0-0 e6 7. c3 d3 8. Qa4+ Qc6 9. Qxg4 dxe2 10. Re1 Nf6 11. Qh3 Bc5 12. Rxe2 0-0 13. Bg5 Qb5 14. Re1 Qxb2 15. Nbd2 Qb6 16. Rab1 Qc7 17. Bxf6 gxf6 18. Re4 f5 19. Ng5 f6 20. Nxe6 Qf7 21. Qxf5 Bb6 22. Nxf8 Qxf8 23. Rh4 Qg7 24. Rg4 1-0

[Event "Lovfalds 09th B"]
[Site "Ringsted"]
[Date "1995.09.09"]
[Round "3"]
[White "Hansen, Morten Lyck"]
[Black "Hansen, Jens Hjorth"]
[Result "0-1"]
[WhiteElo "1729"]
[BlackElo "1831"]
[PlyCount "80"]
[EventDate "1995.09.08"]
[EventType "tourn"]
[EventRounds "5"]
[EventCountry "DEN"]
[SourceTitle "EXT 2023"]
[Source "ChessBase"]
[SourceDate "2022.10.05"]
[SourceVersion "1"]
[SourceVersionDate "2022.10.05"]
[SourceQuality "1"]

1. e4 c5 2. Nf3 d6 3. d4 cxd4 4. Nxd4 Nf6 5. Nc3 a6 6. Bg5 e6 7. f4 Qc7 8. Qf3 Be7 9. 0-0-0 b5 10. e5 Bb7 11. Qe2 dxe5 12. fxe5 Nd5 13. Bd2 Nd7 14. Nf3 Rc8 15. Be1 Nc5 16. Nxd5 Bxd5 17. Kb1 0-0 18. h4 b4 19. Ng5 Na4 20. Bg3 Nc3+ 21. bxc3 bxc3 22. Ka1 Bxa2 23. Qe4 g6 24. Qa4 Bd5 25. Rb1 Rb8 26. Bd3 Rb5 27. Bxb5 axb5 28. Rxb5 Ra8 29. Qxa8+ Bxa8 30. Rd1 Bc6 31. Rb3 Bd5 32. Rxd5 exd5 33. Kb1 Bxg5 34. hxg5 d4 35. Bf4 Qc4 36. Rb8+ Kg7 37. Rb6 Qf1+ 38. Bc1 d3 39. cxd3 Qxd3+ 40. Ka1 c2 0-1

[Event "Lovsprings op 06th B"]
[Site "Ringsted"]
[Date "1994.05.08"]
[Round "6"]
[White "Hansen, Jens Hjorth"]
[Black "Pedersen, Henrik Dahl"]
[Result "1-0"]
[WhiteElo "1807"]
[BlackElo "1875"]
[PlyCount "29"]
[EventDate "1994.03.27"]
[EventType "swiss"]
[EventRounds "7"]
[EventCountry "DEN"]
[SourceTitle "EXT 2023"]
[Source "ChessBase"]
[SourceDate "2022.10.05"]
[SourceVersion "1"]
[SourceVersionDate "2022.10.05"]
[SourceQuality "1"]

1. d4 f5 2. g4 fxg4 3. e4 d6 4. Nc3 Nc6 5. h3 gxh3 6. Bg5 Nf6 7. Bxf6 exf6 8. Nxh3 Bd7 9. Nf4 Ne7 10. Ncd5 Nxd5 11. Qh5+ g6 12. Nxg6 Bg4 13. Qxg4 Rg8 14. Qe6+ Ne7 15. Rxh7 1-0